000 00486nam a2200157 i 4500
001 26131
003 ES-MaACL
005 20230906153406.0
007 t|
008 030107s1951 sp ||||1| spa d
100 1 _aArnoux, Paul.
_923125
245 1 0 _aModernas Aplicaciones de la Electricidad /
_cpor Paul Arnoux ; Versión española por R. F.
260 _aBarcelona :
_bSintes,
_c1951 (
_fGráf. Salvadó)
300 _a479 p. :
_bil. ;
_c23 cm.
852 _aES-MaACL
_jD-5943
_bR.32498
999 _c26131
_d26131